000 00498nam a2200145 4500
001 8530
005 20181127190155.0
090 0 0 _a315.498
110 _aNational Statistics Bureau, Royal Government of Bhutan.
_b
_c
_d
_e
_n
_p
245 0 0 _a2017 population & housing census of Bhutan /
_b
_cNational Statistics Bureau.
_h
260 0 0 _aThimphu :
_bNational Statisitcs Bureau.
_c2018.
300 0 0 _a268 pages ; 29 cm.
500 0 0 _aChiefly statistics.
650 0 0 _aPopulation forecasting --Bhutan --Statistics.
_x
999 _c7384
_d7384